000 00471nam a2200205Ia 4500
008 210210b1919 xxu||||| |||| 00| 0 eng d
041 _aeng
082 _a320/83
100 _aBRYCE (James)
245 _aAmerican commonwealth Vol 1
260 _aNew York
_bThe Macmillan Company
_c1919
300 _axix,743
440 _aI
650 _aVol
650 _acommonwealth
650 _aAmerican
650 _a1
690 _aPolitical Science
906 _a001834
999 _c117134
_d117134